Small nations, giant firms /

Bibliographic Details
Main Author: Goodman, Louis Wolf
Format: Book
Language:English
Published: New York : Holmes & Meier, [1987]
Subjects:

MARC

Tag First Indicator Second Indicator Subfields
LEADER 00000cam a2200000 a 4500
001 in00000013798
005 20151007052431.0
008 870113s1987 nyua b 00110 eng
010 |a  87000042  
020 |a 0841909962 
020 |a 0841911126 (pbk.) 
020 |z 0841911339 
035 |a (OCoLC)15132697 
035 |9 AAA7768AM 
040 |a DLC  |c DLC  |d TXA  |d UtOrBLW 
043 |a cl----- 
049 |a TXAM  |c [A11463200] 
050 0 0 |a HD2755.5  |b .G66 1987 
082 0 |a 338.8/888  |2 19 
100 1 |a Goodman, Louis Wolf. 
245 1 0 |a Small nations, giant firms /  |c Louis W. Goodman. 
264 1 |a New York :  |b Holmes & Meier,  |c [1987] 
264 4 |c ©1987 
300 |a xiii, 181 pages :  |b illustrations ;  |c 24 cm. 
336 |a text  |b txt  |2 rdacontent 
337 |a unmediated  |b n  |2 rdamedia 
338 |a volume  |b nc  |2 rdacarrier 
504 |a Bibliography: pages 167-174. 
500 |a Includes index. 
650 0 |a International business enterprises. 
650 0 |a International business enterprises  |z Latin America. 
650 0 |a States, Small. 
999 |a MARS 
999 f f |s 604be176-8151-3695-884c-b1e2aa89e8bc  |i 9faeacf2-20c8-3260-81e4-940651f20c0d  |t 0 
952 f f |p ric  |a Texas A&M University  |b Rellis Campus  |c Joint Library Facility  |s JLF  |d Remote Storage  |t 0  |e HD2755.5 .G66 1987  |h Library of Congress classification  |i unmediated -- volume  |m A14811463200 
998 f f |a HD2755.5 .G66 1987  |t 0  |l Remote Storage